| 000 | 00576nam a2200145Ia 4500 | ||
|---|---|---|---|
| 008 | 231129s2002||||xx |||||||||||||| ||spa|| | ||
| 020 | _a958-33-3817-6 | ||
| 040 | _bspa | ||
| 082 | _a305.89861 A775c | ||
| 100 | _aArriaga Copete Libardo | ||
| 245 | 0 | _aCátedra de estudios afrocolombianos: nociones elementales y hechos históricos que se deben conocer para el desarrollo de la Cátedra de Estudios Afrocolombianos o lo que todos debemos saber sobre los negros | |
| 260 | _c2002 | ||
| 264 | _aLibardo Arriaga Copete | ||
| 942 |
_2ddc _cBKS |
||
| 999 |
_c6794 _d6794 |
||